000 00706nam a22002297a 4500
005 20170124105957.0
010 _aA-681668
020 _c00.00
035 _aA-681668
037 _bCen Lib/Ret
040 _aDPL
_bEN
082 _a362.5
_bMIS
100 _aMishra, Lakshmidhar
_911818
245 _aAnguish of the deprived /
_cby Lakshmidhar Mishra
260 _aNew Delhi
_bHar-Anand Publications
_c1994
270 _a364-A Chirag Delhi New Delhi
_bNew Delhi
_e110017
300 _a314p.
_c21cm(Hb)
500 _a Includes bibliographical references and index.
650 _aDiscrimination -- India.
_914906
650 _aSocial justice.
_93680
942 _2ddc
_cEN
_h362.5
_mMIS
999 _c125601
_d125601